000 00708nam a2200265Ia 4500
003 OSt
005 20221006150911.0
006 a|||||r|||| 00| 0
007 ta
008 221006b |||||||| |||| 00| 0 jpn d
020 _c¥550
024 _a20,159
037 _bGift, Japan Foundation
_cTextual
040 _aEASL
_cEASL
_bjpn
041 _2jpn
_ajpn
082 _aX8(A):9,(Y15).42, M0
100 _aHOSOI Wakizo
_9657930
245 0 _aJoko aishi
260 _aTokyo
_bIwanami Shoten Japan
_c1980
300 _a427p.
_ccm.
490 _v JL
650 _aJL
942 _hX8(A):9,(Y15).42, M0
_cTEXL
_2CC
999 _c1088245
_d1088245